Test des phobies - Statistiques

Statistiques générales
  • Ce quiz a été pris 63 fois
  • Le résultat moyen est 3 sur 15
Statistiques - réponses
Indices Réponses % Correct
Peur de la foule Agoraphobie
71%
Peur des Espaces confinés Claustrophobie
71%
Peur du vomis Émétophobie
63%
Peurs des clowns Coulrophobie
29%
Peur des morts Nécrophobie
29%
Peur de tout Pantophobie
12%
Peur de l'Univers Astrophobie
8%
Peur des parasites de la peau, Acarophobie
6%
Peur de manquer de livres à lire. Abibliophobie
4%
Peur de parler en public. Glossophobie
4%
Peur des sentiments Affectophobie
2%
Peur d'être constipé ou de la constipation en elle-même Apopathodiaphulatophobie
2%
Peur de l'Eglise Ecclesiophobie
2%
Peur de la vieilliesse Gérascophobie
2%
Peur des microbes Mysophobie
2%
Aucun quiz correspondant
Distribution des résultats
% des personnes avec chaque résultat
Percentile par nombre de réponses
Votre historique - résultats
Vous n’avez pas pris ce quiz